Tomorrow's organization : crafting winning capabilities in a dynamic world / (Record no. 586)

MARC details
000 -LEADER
fixed length control field 00825nam a22002057a 4500
008 - FIXED-LENGTH DATA ELEMENTS--GENERAL INFORMATION
fixed length control field 120203t xxu||||| |||| 00| 0 eng d
020 ## - INTERNATIONAL STANDARD BOOK NUMBER
International Standard Book Number 0787940046 9780787940041
050 ## - LIBRARY OF CONGRESS CALL NUMBER
Classification number HD31.M73
100 ## - MAIN ENTRY--PERSONAL NAME
Personal name Mohrrman, Susan Albers
245 ## - TITLE STATEMENT
Title Tomorrow's organization : crafting winning capabilities in a dynamic world /
Statement of responsibility, etc. Susan Albers. Mohrman
260 ## - PUBLICATION, DISTRIBUTION, ETC.
Place of publication, distribution, etc. San Francisco, Calif. :
Name of publisher, distributor, etc. New Lexington Press,
Date of publication, distribution, etc. 1998.
300 ## - PHYSICAL DESCRIPTION
Extent xxiv, 453 p.:
Dimensions 23cm.
Other physical details ill.
500 ## - GENERAL NOTE
General note Includes index.
505 ## - FORMATTED CONTENTS NOTE
Formatted contents note Contents: Designing competitive organizations -- Enabling competitive performance --Managing people in the competitive organization -- Transforming the organization.
650 ## - SUBJECT ADDED ENTRY--TOPICAL TERM
Topical term or geographic name entry element Organizational structure.
650 ## - SUBJECT ADDED ENTRY--TOPICAL TERM
Topical term or geographic name entry element Corporate governance.
700 ## - ADDED ENTRY--PERSONAL NAME
Personal name Galbraith, Jay R.
700 ## - ADDED ENTRY--PERSONAL NAME
Personal name Lawer, Edward E.
942 ## - ADDED ENTRY ELEMENTS (KOHA)
Source of classification or shelving scheme Library of Congress Classification
Koha item type Books
Holdings
Withdrawn status Lost status Source of classification or shelving scheme Damaged status Not for loan Home library Current library Shelving location Date acquired Total Checkouts Full call number Barcode Date last seen Copy number Price effective from Koha item type
    Library of Congress Classification     WISCONSIN INTERNATIONAL UNIVERSITY COLLEGE, GHANA - MAIN LIBRARY WISCONSIN INTERNATIONAL UNIVERSITY COLLEGE, GHANA - MAIN LIBRARY General Stacks 03/02/2012   HD31.M73 1339/12 03/02/2012 1 03/02/2012 Books

If you have any concerns or questions; kindly contact the library


© Powered by WIUC ICT DIRECTORATE